000
00196 a2200097 4500
001
3708
100
_a
Pak Publi
245
_a
Pakistan:- 1959-60
260
_a
_b
Pak Publi
_c
090
_c
2963
_d
2963
942
_a
NUST-CAE
_c
M
_c
21813
999
_c
238781
_d
238781